00411nam a2200181Ia 4500008004100000020001400041050001400055100001900069245002100088245002200109250001800131260001300149260001200162260000900174300001600183300002000199300001000219170918s9999 xx 000 0 und d a670848646 bA285 1994 aAhlberg, Allan 4aThe giant baby / cby Allan Ahlberg. aFirst edition aLondon : bViking, c1994 a155 pages : billustrations ; c24cm.